Utah Quiz - Statistics

General Stats
  • This quiz has been taken 18 times
  • The average score is 6 of 9
Answer Stats
Questions Answer % Correct
How many bordering states does utah have? 6
100%
What is the Capital of Utah? Salt Lake City
100%
What is Utah's abbreviation ? UT
100%
Utah's Basketball team is? Utah _ _ _ _ UTAH JAZZ
100%
Utah gets their name from a native american tribe called? ute
82%
Utah's nickname is the? The Beehive State
71%
Utah's state governor Spencer J. Cox
41%
Utah's statehood day is? January 4 1896
12%
Utah's population 3.2 Million
6%
No matching quizzes found
Score Distribution
Percent of People with Each Score
Percentile by Number Answered
Your Score History
You have not taken this quiz